Statistics for Countries in Risk Territories: North Africa

Click here to take the quiz!

General Stats

  • This quiz has been taken 23 times
  • The average score is 19 of 20

Answer Stats

Answer% Correct
Algeria
100%
Benin
100%
Ghana
100%
Guinea
100%
Guinea-Bissau
100%
Mali
100%
Mauritania
100%
Morocco
100%
Niger
100%
Nigeria
100%
Sierra Leone
100%
Togo
100%
Tunisia
100%
Chad
95%
Gambia
95%
Ivory Coast
95%
Senegal
95%
Burkina Faso
89%
Liberia
89%
Cameroon
84%

Score Distribution

Percentile by Number Answered

Percent of People with Each Score

Your Score History

You have not taken this quiz